Můj přítel pes

Bibliographic Details
Other Authors: Kontár, Július, 1931- (Photographer)
Format: Book
Language:Czech
PhysicalDescription:12 s. 16x10,5 cm
Published: Bratislava Perfekt 1993
ISBN:8085261413
Subjects:

MARC

LEADER 00000nam a2200000 a 4500
001 vtls001237860
003 SK-MaSNL
005 20260301154714.0
008 250414s1993 xo 0 cze
020 |a 8085261413 
035 |a SNK000184869 
040 |a SNK  |b slo  |c SNK  |e AACR2 
041 0 |a cze 
044 |a xo  |c SK 
080 |a 087.5(084)=850  |2 1981 
245 0 0 |a Můj přítel pes  |h Grafika ; Fotogr. Július Kontár ; Graf. úpr. Ľudovít Varga 
260 |a Bratislava  |b Perfekt  |c 1993 
300 |a 12 s.  |c 16x10,5 cm 
655 7 |a beztextové leporelá  |2 SNK  |9 63057 
700 1 |a Kontár, Július,  |d 1931-  |4 pht  |9 39916 
700 1 |a Varga, Ľudovít  |4 bkd  |9 277509 
852 |a Slovenská národná knižnica 
919 |a 80-85261-41-3 
954 |a leporelá 
958 |a DB 
958 |a TL 
999 |c 797849  |d 799779 
952 |a SNK  |b SNK  |y PREZ  |7 0  |p 17A1034669  |o snkSD 65377   |0 0  |1 0  |4 0  |d 2013-07-19  |l 0  |r 2026-02-24 01:58:28  |w 2026-02-24 
952 |t P60, <04>, [BOOK], {604}  |a SNK  |b SNK  |y VYP  |7 0  |p 17A0350956  |o snkSD 65377 D1  |i snkKSP 3711/93  |0 0  |1 0  |4 0  |d 2002-08-15  |l 0  |r 2005-01-01 00:00:00  |w 2026-02-24